Artículos y conferencias / (Registro nro. 5296)
[ vista simple ]
| 000 -CABECERA | |
|---|---|
| campo de control de longitud fija | 01320nam a22002297a 4500 |
| 003 - IDENTIFICADOR DEL NÚMERO DE CONTROL | |
| campo de control | DO-SdBJH |
| 005 - FECHA Y HORA DE LA ÚLTIMA TRANSACCIÓN | |
| campo de control | 20190327162541.0 |
| 008 - DATOS DE LONGITUD FIJA--INFORMACIÓN GENERAL | |
| campo de control de longitud fija | 190327b ||||| |||| 00| 0 spa d |
| 020 ## - NÚMERO INTERNACIONAL ESTÁNDAR DEL LIBRO | |
| Número Internacional Estándar del Libro | 9993476110 |
| 040 ## - FUENTE DE LA CATALOGACIÓN | |
| Centro catalogador/agencia de origen | DO-SdBJH |
| Lengua de catalogación | spa |
| Centro/agencia transcriptor | DO-SdBJH |
| 082 ## - NÚMERO DE LA CLASIFICACIÓN DECIMAL DEWEY | |
| Número de clasificación | RD868.4 |
| Número de documento/Ítem | B742a |
| 100 ## - ENTRADA PRINCIPAL--NOMBRE DE PERSONA | |
| Autor Personal | Bosch Gaviño, Juan Emilio, |
| Fechas asociadas al autor | 1909-2001 |
| 245 ## - MENCIÓN DE TÍTULO | |
| Título | Artículos y conferencias / |
| Mención de responsabilidad, etc. | Juan Bosch. |
| 250 ## - MENCIÓN DE EDICIÓN | |
| Mención de edición | 5 edición |
| 260 ## - PUBLICACIÓN, DISTRIBUCIÓN, ETC. | |
| Lugar de publicación, distribución, etc. | Santo Domingo : |
| Nombre del editor, distribuidor, etc. | Alfa y Omega, |
| Fecha de publicación, distribución, etc. | 2002 |
| 300 ## - DESCRIPCIÓN FÍSICA | |
| Extensión | 253 páginas ; |
| Otras características físicas | 14.3 x 21.6 cm. |
| 500 ## - NOTA GENERAL | |
| Nota general | Contiene índice |
| 505 ## - NOTA DE CONTENIDO CON FORMATO | |
| Nota de contenido con formato | “En este volumen de las obras del profesor Bosch, aparecen cuatro conferencias que tratan temas tan diferentes como una exposición detallada de lo que es la inflación; otra que resume la historia de la fabricación del azúcar en la Rep. Dom.; otra, conferencia sobre el aniversario de muerte de Ulises Heureaux para rendir homenaje a la memoria de Ramón Cáceres. El autor presenta un panorama de la vida económica y política del país en los últimos años del siglo pasado, y una más, dedicada a la obra del escritor y novelista don Federico García Godoy." |
| 600 ## - PUNTO DE ACCESO ADICIONAL DE MATERIA--NOMBRE DE PERSONA | |
| Fuente del encabezamiento o término | Cáceres, Ramón, |
| Nombre de persona | García Márquez, Gabriel, |
| Fechas asociadas al nombre | 1928-2014 |
| Forma completa/desarrollada del nombre | Critica e Interpretación |
| 650 ## - PUNTO DE ACCESO ADICIONAL DE MATERIA--TÉRMINO DE MATERIA | |
| Término de materia o nombre geográfico como elemento de entrada | Inflación (Finanzas) |
| Subdivisión de forma | Sociología Política |
| Subdivisión general | Industria Azucarera |
| 942 ## - ELEMENTOS DE PUNTO DE ACCESO ADICIONAL (KOHA) | |
| Fuente del sistema de clasificación o colocación | Dewey Decimal Classification |
| Tipo de ítem Koha | Libros |
| Estado de retiro | Estado de pérdida | Fuente del sistema de clasificación o colocación | Estado dañado | No para préstamo | Código de colección | Localización permanente | Ubicación/localización actual | Ubicación en estantería | Fecha de adquisición | Número de inventario | Total de préstamos | Signatura topográfica completa | Código de barras | Fecha visto por última vez | Número de copia | Precio válido a partir de | Tipo de ítem Koha |
|---|---|---|---|---|---|---|---|---|---|---|---|---|---|---|---|---|---|
| Dewey Decimal Classification | Colección Dominicana | SIBM UNADE - Biblioteca Academia Naval. Vicealmirante César De Windt Lavandier, ARD | SIBM UNADE - Biblioteca Academia Naval. Vicealmirante César De Windt Lavandier, ARD | En estantería | 03/27/2019 | 000154 | RD868.4 B742a | 20141205135419.0 | 03/27/2019 | EJ1 | 03/27/2019 | Libros |
